| 000 | 01211nam a22002417a 4500 | ||
|---|---|---|---|
| 001 | 3561 | ||
| 003 | FISKH | ||
| 005 | 20240320115212.0 | ||
| 008 | 240320b cb ||||| |||| 00| 0 eng d | ||
| 040 |
_aFISK _beng _cFISK _dFISK |
||
| 050 | _aPZ7.L97914 | ||
| 082 | _a813.6 | ||
| 100 |
_aLupica Mike _d1952- |
||
| 245 |
_aGame changers #2 / _cMike Lupica |
||
| 260 |
_aNew York : _bScholastic, _c2014 |
||
| 300 |
_a201 pages : _c20 cm |
||
| 505 | _aQ | ||
| 520 | _aStill living large off their incredible football championship win just weeks before, Ben McBain and his crew must now prepare for basketball season. Ben is known as the best point guard throughout the league. And now that Shawn O'Brien has joined their team, they are a shoo-in to win it all. But there is a new kid in town, Chase Braggs, a point guard like Ben who seems to be better, stronger, and faster. Refusing to let his team down, Ben hits the courts hard to practice. Ben's rivalry with Chase seems to take the fun out of playing ball with his best friends. Will Ben be able to pull it together for his team and for himself? | ||
| 521 | 8 |
_a920 _bLexile |
|
| 700 | _aMike Lupica | ||
| 942 |
_2ddc _cBK _n0 |
||
| 999 |
_c3561 _d3561 |
||